| 000 | 01237cam a22002415a 4500 | ||
|---|---|---|---|
| 001 | L157735 | ||
| 008 | 130423s2012 xxk f 000 0 eng d | ||
| 020 | _a9781444335286 | ||
| 035 | _a(Sirsi) u157735 | ||
| 041 | 0 | _aeng | |
| 050 | 0 | 4 | _a332.635 |
| 100 | 1 | _aBaum, Andrew | |
| 245 | 0 | 0 |
_aGlobal property investment _bstrategies, structures and decisions |
| 260 |
_aChichester _bWiley-Blackwell _c2012 |
||
| 300 |
_axvi, 557p. _c25cm |
||
| 520 | _aPart 1 considers real estate from the global investment perspective focusing on property as an asset, global property markets, market rents, asset pricing and portfolio theory and forecasting. Part 2 looks at making investment decisions and focuses on valuation and investment analysis, leasing, mortgages and valuing private real estate entity. Part 3 outlines a range of investment structures including unlisted real estate funds, public equity and derivatives. Part 4 concludes with a look at creating global real estate investment strategies including portfolio building, performance measurement and attribution. | ||
| 590 | _aKA | ||
| 651 | 4 | _aInternational | |
| 690 |
_aInvestments _96250 |
||
| 690 |
_aCommercial property _96227 |
||
| 700 | 1 | _aHartzell, David | |
| 942 | _n0 | ||
| 999 |
_c114942 _d114942 |
||